Fast Typing : God save the King - Statistics

General Stats
  • This quiz has been taken 207 times
  • The average score is 16 of 29
Answer Stats
Hint Answer % Correct
God God
100%
save save
99%
our our
97%
gracious gracious
93%
King, King,
93%
Long Long
91%
live live
88%
our our
86%
noble noble
84%
King, King,
83%
God God
80%
save save
78%
King! King!
73%
the the
73%
Send Send
65%
him him
60%
victorious, victorious,
45%
Happy Happy
41%
and and
35%
glorious, glorious,
20%
Long Long
16%
to to
16%
reign reign
15%
over over
14%
us; us;
11%
God God
8%
save save
6%
the the
6%
King! King!
5%
No matching quizzes found
Score Distribution
Percent of People with Each Score
Percentile by Number Answered
Your Score History
You have not taken this quiz